Statistics for US President who have visited a Nordic country

Click here to take the quiz!

General Stats

  • This quiz has been taken 43 times
  • The average score is 6 of 7

Answer Stats

Country/ies visitedYear(s) visitedPresident% Correct
Finland, Finland1990, 1992George H. W. Bush
98%
Sweden, Denmark2001, 2005George W. Bush
98%
Denmark, Norway, Denmark, Sweden2009, 2009, 2009, 2013Barack Obama
95%
Iceland1986Ronald Reagan
93%
Iceland1973Richard Nixon
88%
Finland, Denmark, Norway1997, 1997, 1999Bill Clinton
88%
Finland1988Gerald Ford
83%

Score Distribution

Percentile by Number Answered

Percent of People with Each Score

Your Score History

You have not taken this quiz